000 00617nam a2200181Ia 4500
008 100917s9999 xx 000 0 und d
082 _b3339
100 _aटिपणीस गोविंद गोपाळ
245 _aमहाराष्ट्र वेदग्रंथ एकनाथ
260 _b---
_c1915
300 _a449
365 _b0.62
520 _aकविता
630 _aमहाराष्ट्र वेदग्रंथ एकनाथ
650 _aकविता
730 _aमहाराष्ट्र वेदग्रंथ एकनाथ
942 _cBOOK
999 _c608733
_d608730